000 02533cam a22002414a 4500
005 20250605163949.0
008 250528s ||||||||||||||||||||||||d
035 _a15328
020 _a201325527
040 _aGR-AtMCL
_bgre
_dGR-AtMCL
_eAACR2
245 1 _aMultinational Business Finance / Eighth Edition
250 _a8th
260 _bAddison-Wesley Publishing Company,
_c1998
300 _a854
505 0 _aThe International Financial Environment, Issues in Global Financial Management, The International Monetary System, Using Balance of Payments Data, Foreign Exchange Markets, The Foreign Exchange Market, International Parity Conditions, Foreign Currency Options, Measuring and Managing Foreign Exchange Exposure, Transaction Exposure, Operating Exposure, Translation Exposure, Interest Rate Exposure, Financing the Global Firm, The Global Cost of Capital, Sourcing Equity Globally, Sourcing Debt Globally, Financial Structure, Foreign Investment Decisions, Crporate Strategy and Foreign Investment, Political Risk Management, Principles of Multinational Taxation, Multinational Capital Budgeting, Managing Multinational Operations, Repositioning Funds, Working Capital Management, Import and Export Financing, Advanced Topics in Multinational Finance, Current Industry Financial Management Practices, Advanced Topics in Currency and Interest Rate Risk Management.
520 _aThe International Financial Environment, Issues in Global Financial Management, The International Monetary System, Using Balance of Payments Data, Foreign Exchange Markets, The Foreign Exchange Market, International Parity Conditions, Foreign Currency Options, Measuring and Managing Foreign Exchange Exposure, Transaction Exposure, Operating Exposure, Translation Exposure, Interest Rate Exposure, Financing the Global Firm, The Global Cost of Capital, Sourcing Equity Globally, Sourcing Debt Globally, Financial Structure, Foreign Investment Decisions, Crporate Strategy and Foreign Investment, Political Risk Management, Principles of Multinational Taxation, Multinational Capital Budgeting, Managing Multinational Operations, Repositioning Funds, Working Capital Management, Import and Export Financing, Advanced Topics in Multinational Finance, Current Industry Financial Management Practices, Advanced Topics in Currency and Interest Rate Risk Management.
700 1 _aEiteman David K
_91223
700 1 _aMoffett Michael H
_91226
700 1 _aStonehill Arthur I
_91224
942 _cBK
999 _c918
_d918